[Event "Olympiad Women-44"]
[Site "Chennai"]
[Date "2022.08.01"]
[Round "4.2"]
[White "Abrorova, Sabrina"]
[Black "Moore, Gaybrianna"]
[Result "1-0"]
[WhiteElo "1799"]
[BlackElo "1335"]
[PlyCount "85"]
[EventDate "2022.07.29"]
[EventType "team-swiss"]
[EventRounds "11"]
[EventCountry "IND"]
[SourceTitle "CBM 210"]
[Source "ChessBase"]
[SourceDate "2022.10.31"]
[SourceVersion "1"]
[SourceVersionDate "2022.10.31"]
[SourceQuality "1"]
[WhiteTeam "Tajikistan (W)"]
[BlackTeam "Barbados (W)"]
[WhiteTeamCountry "TJK"]
[BlackTeamCountry "BAR"]

1. d4 d5 2. c4 e6 3. Nf3 Be7 4. Nc3 Nf6 5. Bg5 h6 6. Bh4 Ne4 7. Bxe7 Qxe7 8. Qc2 Nxc3 9. Qxc3 0-0 10. e3 dxc4 11. Bxc4 b6 12. 0-0 Bb7 13. Be2 Rc8 14. b4 c5 15. dxc5 Ba6 16. Bxa6 Nxa6 17. Qa3 Qb7 18. c6 Qxc6 19. Qxa6 Qc3 20. a3 Rc7 21. Nd4 Qb2 22. Qe2 Qxe2 23. Nxe2 Rac8 24. Rfc1 Rc2 25. Kf1 Kf8 26. Ke1 Rxc1+ 27. Rxc1 Rxc1+ 28. Nxc1 Ke7 29. Kd2 Kd6 30. Kd3 f5 31. Ne2 e5 32. Nc3 a6 33. f4 exf4 34. exf4 g5 35. g3 b5 36. Kd4 g4 37. Nd5 h5 38. Ne3 Kc6 39. Ke5 Kb6 40. Kxf5 a5 41. Ke6 axb4 42. axb4 Kc7 43. Ke7 1-0

[Event "Caribbean-ch U18"]
[Site "San Salvador"]
[Date "2021.11.27"]
[Round "6"]
[White "Meza Vega, Jose Antonio"]
[Black "Moore, Gaybrianna"]
[Result "1-0"]
[WhiteElo "1383"]
[BlackElo "1429"]
[PlyCount "149"]
[EventDate "2021.11.27"]
[EventType "tourn"]
[EventRounds "9"]
[EventCountry "ESA"]
[SourceTitle "EXT 2023"]
[Source "ChessBase"]
[SourceDate "2022.10.05"]
[SourceVersion "1"]
[SourceVersionDate "2022.10.05"]
[SourceQuality "1"]
[WhiteTeam "Costa Rica"]
[BlackTeam "Barbados"]
[WhiteTeamCountry "CRI"]
[BlackTeamCountry "BAR"]

1. d4 f5 2. Nf3 Nf6 3. g3 e6 4. Bg2 d5 5. 0-0 Bd6 6. b3 Qe7 7. Bb2 0-0 8. c4 c6 9. Nc3 b6 10. Ne5 Bb7 11. f4 Ne4 12. Nxe4 fxe4 13. Rc1 Rf6 14. e3 Qe8 15. Ng4 Rf8 16. Rc2 Nd7 17. Rcf2 Qh5 18. Ne5 Qxd1 19. Rxd1 Nf6 20. Bh3 Rae8 21. cxd5 Nxd5 22. Nc4 Bc7 23. Re2 Ba6 24. Ree1 b5 25. Nd2 Ba5 26. a3 Bxd2 27. Rxd2 Bc8 28. Bg2 Nf6 29. Rc1 Bb7 30. h3 h5 31. Kf2 Rc8 32. Rc5 Rfd8 33. Re5 c5 34. Rxe6 Bd5 35. Re7 Bxb3 36. Rxa7 c4 37. Bc3 Nd5 38. Ba5 Re8 39. Rb2 Ba4 40. Rb1 c3 41. Rc1 c2 42. Ke2 Nc3+ 43. Bxc3 Rxc3 44. g4 hxg4 45. hxg4 Rxa3 46. g5 b4 47. Rb7 b3 48. Kd2 Ra2 49. Bf1 Rc8 50. Bh3 Re8 51. Bf1 Rc8 52. Bh3 b2 53. Be6+ Kf8 54. Bxa2 bxc1Q+ 55. Kxc1 g6 56. Rb4 Ra8 57. Bb3 Bxb3 58. Rxb3 Rc8 59. Rb5 Rc3 60. Re5 Rxe3 61. Kxc2 Kf7 62. d5 Rd3 63. Rxe4 Rxd5 64. Kc3 Rf5 65. Kd4 Kf8 66. Ke3 Kf7 67. Re5 Kg7 68. Rxf5 gxf5 69. Kd4 Kf7 70. Ke5 Kg6 71. Ke6 Kg7 72. Kxf5 Kf7 73. g6+ Kg7 74. Kg5 Kf8 75. Kf6 1-0

[Event "Pan American-ch Hybrid U18 Girls 31st"]
[Site "Tornelo INT"]
[Date "2021.09.04"]
[Round "2"]
[White "Felix, Jhulia Vitoria"]
[Black "Moore, Gaybrianna"]
[Result "0-1"]
[WhiteElo "1409"]
[BlackElo "1335"]
[PlyCount "102"]
[EventDate "2021.09.04"]
[EventType "swiss"]
[EventRounds "9"]
[EventCountry "NET"]
[SourceTitle "EXT 2023"]
[Source "ChessBase"]
[SourceDate "2022.10.05"]
[SourceVersion "1"]
[SourceVersionDate "2022.10.05"]
[SourceQuality "1"]

1. d4 f5 2. Nf3 Nf6 3. c4 e6 4. e3 c6 5. Be2 d5 6. 0-0 Bd6 7. Nc3 0-0 8. b3 Qe8 9. Re1 Nbd7 10. cxd5 exd5 11. h3 Ne4 12. Nxe4 fxe4 13. Nd2 Rf6 14. Rf1 Rh6 15. f4 Qg6 16. Bg4 Nf6 17. f5 Qg5 18. Nb1 Nxg4 19. Qxg4 Qxg4 20. hxg4 Rh4 21. g5 Bh2+ 22. Kf2 Bxf5 23. g3 Bh3 24. gxh4 Rf8+ 25. Ke2 Bxf1+ 26. Kd1 Bg3 27. h5 Rf5 28. Nd2 Bh3 29. Ba3 Rxg5 30. Kc2 Rxh5 31. Rg1 Bf2 32. Rh1 Bxe3 33. Rh2 Bg4 34. Rg2 Rg5 35. Kc3 Bf3 36. Rh2 Bxd2+ 37. Rxd2 Rg2 38. Rxg2 Bxg2 39. Bc1 Kf7 40. Kd2 Kf6 41. Ke2 Bf3+ 42. Kf2 Kf5 43. a3 h5 44. Kg3 g5 45. Kh3 b5 46. Kh2 Kg4 47. Kg1 h4 48. Kh2 h3 49. Kg1 Kg3 50. Bd2 h2+ 51. Kf1 h1Q# 0-1

[Event "Pan American-ch Hybrid U18 Girls 31st"]
[Site "Tornelo INT"]
[Date "2021.09.04"]
[Round "3"]
[White "Moore, Gaybrianna"]
[Black "Contreras Huaman, Fiorella Daiana"]
[Result "0-1"]
[WhiteElo "1335"]
[BlackElo "1937"]
[PlyCount "64"]
[EventDate "2021.09.04"]
[EventType "swiss"]
[EventRounds "9"]
[EventCountry "NET"]
[SourceTitle "EXT 2023"]
[Source "ChessBase"]
[SourceDate "2022.10.05"]
[SourceVersion "1"]
[SourceVersionDate "2022.10.05"]
[SourceQuality "1"]

1. d4 d5 2. Bf4 Nf6 3. e3 c5 4. c3 Nc6 5. Nf3 cxd4 6. exd4 Bg4 7. Be3 e6 8. c4 dxc4 9. Bxc4 Bd6 10. Qb3 0-0 11. Qxb7 Nb4 12. Bb3 Qa5 13. Na3 Rfb8 14. Nc4 Qh5 15. Qxa8 Rxa8 16. Nxd6 Bxf3 17. gxf3 Qxf3 18. Kd2 Rd8 19. Rhc1 h5 20. Bd1 Qg2 21. Nc4 Ne4+ 22. Ke2 f5 23. Nd2 f4 24. Nxe4 Qxe4 25. Rc4 Qd3+ 26. Ke1 Qxc4 27. Bxf4 Nd3+ 28. Kf1 Nxf4+ 29. Kg1 Qxd4 30. Bf3 Nh3+ 31. Kh1 Qxf2 32. Be4 Rd2 0-1

[Event "Pan American-ch Hybrid U18 Girls 31st"]
[Site "Tornelo INT"]
[Date "2021.09.04"]
[Round "7"]
[White "Moore, Gaybrianna"]
[Black "Garcia Andrada, Heidy Nicole"]
[Result "0-1"]
[WhiteElo "1335"]
[BlackElo "1922"]
[PlyCount "98"]
[EventDate "2021.09.04"]
[EventType "swiss"]
[EventRounds "9"]
[EventCountry "NET"]
[SourceTitle "EXT 2023"]
[Source "ChessBase"]
[SourceDate "2022.10.05"]
[SourceVersion "1"]
[SourceVersionDate "2022.10.05"]
[SourceQuality "1"]

1. d4 b6 2. Bf4 Bb7 3. e3 e6 4. Nf3 f5 5. Bd3 Nf6 6. 0-0 Be7 7. h3 0-0 8. Qe2 Ne4 9. Nbd2 d6 10. c3 Nd7 11. Bc4 d5 12. Bd3 c5 13. Ne5 g5 14. Bh2 Ndf6 15. f3 Nd6 16. Rae1 c4 17. Bc2 b5 18. a3 Kg7 19. g4 h6 20. Kh1 a5 21. Rg1 Rg8 22. Ref1 fxg4 23. hxg4 Nf7 24. Nxf7 Kxf7 25. f4 Ke8 26. fxg5 hxg5 27. Nf3 Kd7 28. Ne5+ Kc8 29. Bg6 Ra6 30. Bc2 Ba8 31. Rb1 Kb7 32. b3 Ka7 33. a4 b4 34. cxb4 axb4 35. Rge1 Nd7 36. Nf3 cxb3 37. Bxb3 Nf6 38. Rec1 Bd6 39. Ne5 Qe7 40. Rc2 Ne4 41. Rbc1 Rh8 42. Kg1 Qh7 43. Rc8 Nc3 44. R8xc3 bxc3 45. Bc2 Qh3 46. Ra1 Rb6 47. Rf1 Bb7 48. Rf7 Ka8 49. a5 Ra6 0-1

[Event "Pan American-ch Hybrid U18 Girls 31st"]
[Site "Tornelo INT"]
[Date "2021.09.04"]
[Round "9"]
[White "Moore, Gaybrianna"]
[Black "Perez Canete, Dora Romina"]
[Result "1-0"]
[WhiteElo "1335"]
[BlackElo "1398"]
[PlyCount "241"]
[EventDate "2021.09.04"]
[EventType "swiss"]
[EventRounds "9"]
[EventCountry "NET"]
[SourceTitle "EXT 2023"]
[Source "ChessBase"]
[SourceDate "2022.10.05"]
[SourceVersion "1"]
[SourceVersionDate "2022.10.05"]
[SourceQuality "1"]

1. d4 Nf6 2. Bf4 d5 3. e3 Bf5 4. c4 e6 5. Nc3 Bd6 6. Qb3 b6 7. Bg5 c6 8. Nf3 Nbd7 9. Ne5 Bxe5 10. dxe5 Nxe5 11. Rd1 Ned7 12. cxd5 exd5 13. Qa4 b5 14. Qf4 Bg6 15. Be2 0-0 16. Bg4 Qe8 17. Bxd7 Nxd7 18. Qd6 f6 19. Bf4 Ne5 20. Bxe5 fxe5 21. 0-0 Rf6 22. Qc5 Bh5 23. Rc1 Qg6 24. Nxd5 Re6 25. Ne7+ Rxe7 26. Qxe7 Bf3 27. g3 Qe4 28. Qh4 Qxh4 29. gxh4 Rf8 30. Rc5 Rf5 31. h3 g5 32. h5 Kg7 33. Kh2 Kh6 34. Re1 Be4 35. f4 gxf4 36. exf4 exf4 37. Rxf5 Bxf5 38. Kg2 Kxh5 39. Re5 Kg6 40. Kf3 Bxh3 41. Kxf4 h5 42. Kg3 Bf5 43. Kh4 Kf6 44. Rc5 Be4 45. Rxh5 Bd5 46. b3 a5 47. Rh6+ Ke5 48. Kg3 Kd4 49. Kf4 Kc3 50. Rh3+ Kb2 51. Rh2+ Ka3 52. Ke3 a4 53. bxa4 bxa4 54. Kd4 Bxa2 55. Kc5 Bd5 56. Rh3+ Bb3 57. Rg3 Kb2 58. Kb4 Kc1 59. Ka3 c5 60. Rc3+ Kd2 61. Rxc5 Kd3 62. Rh5 Kd4 63. Kb4 Ke4 64. Kc3 Ke3 65. Rh4 Ke2 66. Rh3 Kd1 67. Re3 Kc1 68. Re1+ Bd1 69. Rg1 a3 70. Rg2 Kb1 71. Rd2 Kc1 72. Ra2 Kb1 73. Rxa3 Bh5 74. Rb3+ Kc1 75. Rb2 Kd1 76. Kd3 Bg6+ 77. Ke3 Kc1 78. Rd2 Be4 79. Rd4 Bg6 80. Rc4+ Kd1 81. Ra4 Kc2 82. Kd4 Kd1 83. Ra2 Kc1 84. Kc3 Kb1 85. Rg2 Bf5 86. Rg1+ Ka2 87. Rg5 Bh7 88. Ra5+ Kb1 89. Rb5+ Ka2 90. Rb2+ Ka1 91. Rg2 Bf5 92. Rg5 Bh7 93. Kb3 Be4 94. Rg1+ Bb1 95. Rg2 Be4 96. Rb2 Bf5 97. Ka3 Bg6 98. Rg2 Be4 99. Rg4 Bf5 100. Rf4 Bg6 101. Kb3 Bh7 102. Ra4+ Kb1 103. Rh4 Bc2+ 104. Kc3 Bf5 105. Rb4+ Ka1 106. Kd2 Bg6 107. Rg4 Bf5 108. Rf4 Bg6 109. Rf2 Ka2 110. Kc1+ Kb3 111. Rf3+ Kc4 112. Kd2 Be4 113. Rf4 Kd5 114. Ke3 Bg6 115. Rg4 Bb1 116. Rd4+ Ke5 117. Rb4 Bh7 118. Rb5+ Kf6 119. Kf4 Ke6 120. Kg5 Bd3 121. Ra5 1-0

[Event "Pan American-ch Hybrid U18 Girls 31st"]
[Site "Tornelo INT"]
[Date "2021.09.04"]
[Round "4"]
[White "Moore, Gaybrianna"]
[Black "Sanchez Tobar, Francisca Valentina"]
[Result "0-1"]
[WhiteElo "1335"]
[BlackElo "1777"]
[PlyCount "72"]
[EventDate "2021.09.04"]
[EventType "swiss"]
[EventRounds "9"]
[EventCountry "NET"]
[SourceTitle "EXT 2023"]
[Source "ChessBase"]
[SourceDate "2022.10.05"]
[SourceVersion "1"]
[SourceVersionDate "2022.10.05"]
[SourceQuality "1"]

1. d4 Nf6 2. Bf4 g6 3. e3 Bg7 4. h3 0-0 5. Nf3 d6 6. c4 b6 7. Nc3 Bb7 8. Be2 Ne4 9. Qc2 Nxc3 10. Qxc3 Nd7 11. 0-0 Qe8 12. Qc2 e5 13. Bh2 Qe7 14. Rad1 Rad8 15. Rfe1 Rfe8 16. b4 Bxf3 17. Bxf3 exd4 18. Qa4 d3 19. Rxd3 a5 20. Bc6 axb4 21. Qxb4 Be5 22. Bxd7 Bxh2+ 23. Kxh2 Qxd7 24. Rc1 Qf5 25. Rd2 Ra8 26. Qb5 Qe6 27. Qc6 Ra7 28. Rd4 Rxa2 29. Qxc7 Rxf2 30. Qxd6 Qxe3 31. Qxb6 Qxc1 32. c5 Rxg2+ 33. Kxg2 Re2+ 34. Kg3 Qe3+ 35. Kg4 Rg2+ 36. Kh4 Qg5# 0-1

[Event "Online Olym Div3 E"]
[Site "Chess.com INT"]
[Date "2021.08.29"]
[Round "7.3"]
[White "Moore, Gaybrianna"]
[Black "Gonzalez Gonzalez, Maria Alejandra"]
[Result "1-0"]
[WhiteElo "1321"]
[BlackElo "1547"]
[PlyCount "105"]
[EventDate "2021.08.27"]
[EventType "team-tourn (rapid)"]
[EventRounds "9"]
[EventCountry "USA"]
[SourceTitle "CBM 204 Extra"]
[Source "ChessBase"]
[SourceDate "2021.11.30"]
[SourceVersion "1"]
[SourceVersionDate "2021.11.30"]
[SourceQuality "1"]
[WhiteTeam "Barbados"]
[BlackTeam "Venezuela"]
[WhiteTeamCountry "BAR"]
[BlackTeamCountry "VEN"]

1. d4 d5 2. Bf4 Bf5 3. e3 e6 4. c4 c6 5. Nc3 Nf6 6. Qb3 Qc8 7. Rc1 Qd7 8. Nf3 Be7 9. Ne5 Qc8 10. cxd5 exd5 11. e4 Be6 12. exd5 cxd5 13. Bb5+ Kf8 14. 0-0 Qd8 15. Ne2 a6 16. Bd3 b5 17. Rc2 Nbd7 18. Rfc1 Nxe5 19. Bxe5 Nd7 20. Nf4 Nxe5 21. Nxe6+ fxe6 22. dxe5 g6 23. Qc3 Kg7 24. Qc7 Rf8 25. Qxd8 Raxd8 26. Rc6 Kf7 27. Rxa6 Rc8 28. Rxc8 Rxc8 29. Kf1 Rc1+ 30. Ke2 b4 31. Rb6 Rc7 32. Bb5 Bc5 33. Rc6 Rxc6 34. Bxc6 Ke7 35. f3 Bd4 36. b3 Bxe5 37. h3 h6 38. Kd3 g5 39. Ke3 Kd6 40. Be8 Bf4+ 41. Kd3 Be5 42. Kc2 Bc3 43. a3 e5 44. a4 e4 45. fxe4 dxe4 46. Bb5 Ke5 47. a5 Kf4 48. a6 Bd4 49. Bc6 Ke5 50. Kd2 Kf4 51. Ke2 Ke5 52. g4 Kf4 53. Kd2 1-0

[Event "World Cup U18 Girls Prel"]
[Site "Tornelo INT"]
[Date "2021.08.01"]
[Round "10"]
[White "Moore, Gaybrianna"]
[Black "Andhin, Chethanah"]
[Result "1-0"]
[WhiteElo "1321"]
[BlackElo "1679"]
[PlyCount "57"]
[EventDate "2021.08.01"]
[EventType "swiss (rapid)"]
[EventRounds "10"]
[EventCountry "NET"]
[SourceTitle "EXT 2024"]
[Source "ChessBase"]
[SourceDate "2023.10.10"]
[SourceVersion "1"]
[SourceVersionDate "2023.10.10"]
[SourceQuality "1"]

1. d4 d5 2. Bf4 e6 3. e3 Nf6 4. Nf3 Nh5 5. Bg5 Be7 6. Bxe7 Qxe7 7. Ne5 Nf6 8. Bd3 Qb4+ 9. Nc3 Qxb2 10. Nb5 Na6 11. 0-0 c6 12. Nd6+ Ke7 13. Nexf7 Rf8 14. Ne5 Kxd6 15. Qd2 Qb4 16. Qe2 Qa5 17. e4 Nb4 18. exd5 Nxd3 19. Nc4+ Kxd5 20. Nxa5 b6 21. cxd3 Kd6 22. Nc4+ Kc7 23. Qe5+ Kb7 24. Nd6+ Ka6 25. Rfb1 Ng4 26. Qe1 Bd7 27. Rb3 b5 28. Ra3+ Kb6 29. Qa5# 1-0

[Event "World Cup U18 Girls Prel"]
[Site "Tornelo INT"]
[Date "2021.08.01"]
[Round "5"]
[White "Moore, Gaybrianna"]
[Black "Avilova, Yulia"]
[Result "0-1"]
[WhiteElo "1321"]
[BlackElo "1627"]
[PlyCount "56"]
[EventDate "2021.08.01"]
[EventType "swiss (rapid)"]
[EventRounds "10"]
[EventCountry "NET"]
[SourceTitle "EXT 2024"]
[Source "ChessBase"]
[SourceDate "2023.10.10"]
[SourceVersion "1"]
[SourceVersionDate "2023.10.10"]
[SourceQuality "1"]

1. d4 d5 2. Bf4 e6 3. e3 c5 4. c3 Nf6 5. Nf3 Nc6 6. Bd3 Be7 7. Nbd2 0-0 8. h3 a6 9. 0-0 b5 10. a3 Qb6 11. Ne5 Nxe5 12. Bxe5 Nd7 13. Nf3 Bb7 14. Bg3 a5 15. Ne5 Nxe5 16. Bxe5 b4 17. axb4 axb4 18. Rb1 c4 19. Be2 Bc6 20. Qd2 Ra2 21. Qc1 b3 22. Qe1 Rfa8 23. Bf3 Ba3 24. bxa3 R8xa3 25. e4 b2 26. exd5 Bxd5 27. Bxd5 exd5 28. Qd2 Rb3 0-1

[Event "World Cup U18 Girls Prel"]
[Site "Tornelo INT"]
[Date "2021.08.01"]
[Round "2"]
[White "Moore, Gaybrianna"]
[Black "Oquiche Huarcaya, Ariana"]
[Result "0-1"]
[WhiteElo "1321"]
[BlackElo "1644"]
[PlyCount "44"]
[EventDate "2021.08.01"]
[EventType "swiss (rapid)"]
[EventRounds "10"]
[EventCountry "NET"]
[SourceTitle "EXT 2024"]
[Source "ChessBase"]
[SourceDate "2023.10.10"]
[SourceVersion "1"]
[SourceVersionDate "2023.10.10"]
[SourceQuality "1"]

1. d4 f5 2. Bf4 Nf6 3. e3 e6 4. Nf3 Bb4+ 5. c3 Be7 6. Bd3 0-0 7. Nbd2 d6 8. h3 b6 9. e4 fxe4 10. Nxe4 Bb7 11. Qe2 Nxe4 12. Bxe4 d5 13. Bxh7+ Kxh7 14. Bh2 Qe8 15. Bxc7 Nd7 16. Bh2 Bf6 17. 0-0 Qf7 18. Rfe1 Rae8 19. Bd6 Rh8 20. Be5 Kg8 21. Bxf6 Qxf6 22. Qd2 Rh6 0-1

[Event "World Cup U18 Girls Prel"]
[Site "Tornelo INT"]
[Date "2021.08.01"]
[Round "1"]
[White "Pipia, Ekaterine"]
[Black "Moore, Gaybrianna"]
[Result "1-0"]
[WhiteElo "1953"]
[BlackElo "1321"]
[PlyCount "53"]
[EventDate "2021.08.01"]
[EventType "swiss (rapid)"]
[EventRounds "10"]
[EventCountry "NET"]
[SourceTitle "EXT 2024"]
[Source "ChessBase"]
[SourceDate "2023.10.10"]
[SourceVersion "1"]
[SourceVersionDate "2023.10.10"]
[SourceQuality "1"]

1. d4 f5 2. Nc3 Nf6 3. Bg5 c6 4. Bxf6 exf6 5. e3 d5 6. Bd3 Bd6 7. Nf3 0-0 8. h4 Be6 9. h5 h6 10. Nh4 Qc8 11. Ng6 Re8 12. Qf3 f4 13. Nxf4 Bxf4 14. Qxf4 Nd7 15. 0-0-0 a5 16. Rdg1 b5 17. Rh3 Bxh3 18. gxh3 Kh8 19. Qg4 Re7 20. Ne2 Nf8 21. Bf5 Qe8 22. Nf4 Raa7 23. Bg6 Qd8 24. Bd3 Qd7 25. Ng6+ Kg8 26. Nxe7+ Qxe7 27. Qf4 1-0

[Event "Online Olym Div3 E"]
[Site "Chess.com INT"]
[Date "2020.08.07"]
[Round "3.5"]
[White "Moore, Gaybrianna"]
[Black "Barria Baker, Raisa Melissa"]
[Result "0-1"]
[WhiteElo "1375"]
[BlackElo "1955"]
[PlyCount "56"]
[EventDate "2020.08.07"]
[EventType "team-tourn (rapid)"]
[EventRounds "9"]
[EventCountry "USA"]
[SourceTitle "CBM 198"]
[Source "ChessBase"]
[SourceDate "2020.10.31"]
[SourceVersion "1"]
[SourceVersionDate "2020.10.31"]
[SourceQuality "1"]
[WhiteTeam "Barbados"]
[BlackTeam "Panama"]
[WhiteTeamCountry "BAR"]
[BlackTeamCountry "PAN"]

1. d4 d5 2. Bf4 Nf6 3. e3 e6 4. Nf3 Bd6 5. Bd3 0-0 6. Nbd2 c5 7. c3 Nc6 8. Bg3 Re8 9. a3 e5 10. dxe5 Nxe5 11. Nxe5 Bxe5 12. Bxe5 Rxe5 13. Nf3 Bg4 14. 0-0 Qb6 15. Rb1 Ne4 16. Be2 Re6 17. Qxd5 Rd8 18. Qc4 Bxf3 19. Bxf3 Nd2 20. Qh4 Rh6 21. Qe7 Nxf1 22. Rxf1 Qd6 23. Qxd6 Rhxd6 24. Bxb7 Rb8 25. Ba6 Rxa6 26. Rb1 Rxa3 27. h3 Rxc3 28. Kf1 Rc2 0-1